| 000 | 00655nam a2200229Ia 4500 | ||
|---|---|---|---|
| 001 | 760 | ||
| 003 | GE_BSU | ||
| 008 | 181216s||||||||xx |||||||||||||| ||und|| | ||
| 020 | _a9992818328 | ||
| 040 | _cGE_BSU | ||
| 080 | _a658.362(075.8) | ||
| 100 | _aბალიაშვილი,მ.;მენაბდე,თ. | ||
| 245 | _aსერტიფიკაცია | ||
| 245 | _bდამხმარე სახ–ლო | ||
| 260 | _aთბილისი | ||
| 260 | _bტექნიკური უნ–ტი | ||
| 260 | _c2006 | ||
| 300 | _a91გვ. | ||
| 541 | _h5ლ. | ||
| 653 | _aსერტიფიკაცია | ||
| 942 | _cBK | ||
| 999 |
_c34932 _d34932 |
||